|
|
|
|
| LEADER |
00000caa a2200000 c 4500 |
| 001 |
1818228157 |
| 003 |
DE-627 |
| 005 |
20240702095342.0 |
| 007 |
tu |
| 008 |
221007s2022 xx ||||| 00| ||eng c |
| 020 |
|
|
|a 9789633864135
|
| 035 |
|
|
|a (DE-627)1818228157
|
| 035 |
|
|
|a (DE-599)KXP1818228157
|
| 040 |
|
|
|a DE-627
|b ger
|c DE-627
|e rda
|
| 041 |
|
|
|a eng
|
| 084 |
|
|
|a 0
|2 ssgn
|
| 100 |
1 |
|
|a Ferber, Sarah
|e VerfasserIn
|4 aut
|
| 245 |
1 |
4 |
|a The Sabbat of the soul
|c Sarah Ferber
|
| 264 |
|
1 |
|c 2022
|
| 336 |
|
|
|a Text
|b txt
|2 rdacontent
|
| 337 |
|
|
|a ohne Hilfsmittel zu benutzen
|b n
|2 rdamedia
|
| 338 |
|
|
|a Band
|b nc
|2 rdacarrier
|
| 773 |
0 |
8 |
|i Enthalten in
|t Spirit possession
|d Budapest : Central European University Press, 2022
|g (2022), Seite 361-372
|h 542 Seiten
|w (DE-627)1801338000
|z 9789633864135
|7 nnam
|
| 773 |
1 |
8 |
|g year:2022
|g pages:361-372
|
| 951 |
|
|
|a AR
|
| ELC |
|
|
|b 1
|
| ITA |
|
|
|a 1
|t 1
|
| ORI |
|
|
|a SA-MARC-ixtheo_oa001.raw
|
| REL |
|
|
|a 1
|
| SUB |
|
|
|a REL
|